书目信息 |
| 题名: |
房屋业主指南
|
|
| 作者: | 王青兰文 徐谷安图 | |
| 分册: | ||
| 出版信息: | 北京 中国建筑工业出版社 2000.06 |
|
| 页数: | 113页 | |
| 开本: | 32开 | |
| 丛书名: | ||
| 单 册: | ||
| 中图分类: | F293.33-62 | |
| 科图分类: | ||
| 主题词: | 城市经济 , 市政经济 | |
| 电子资源: | ||
| ISBN: | 7-112-04238-0 | |
| 000 | 00601nam0 2200205 45 | |
| 001 | 0010111795 | |
| 005 | 20010321091930.0 | |
| 010 | @a7-112-04238-0@d10.00元 | |
| 100 | @a20001011d2000 km y0chiy0120 ea | |
| 101 | 0 | @achi |
| 105 | @a z 000yy | |
| 200 | 1 | @a房屋业主指南@AFang Wu Ye Zhu Zhi Nan@f王青兰文 徐谷安图@FWang Qing Lan Wen Xu Gu An Tu |
| 210 | @a北京@c中国建筑工业出版社@d2000.06 | |
| 215 | @a113页@d32开 | |
| 606 | 0 | @a城市经济 |
| 606 | 0 | @a市政经济 |
| 690 | @aF293.33-62@v3 | |
| 701 | 0 | @a王青兰文 徐谷安图 |
| 801 | @aCN@bPftUser@c20001011 | |
| 905 | @dF293.33-62@eW458@b331155-158@f4 | |
| 房屋业主指南/王青兰文 徐谷安图.-北京:中国建筑工业出版社,2000.06 |
| 113页;32开 |
| ISBN 7-112-04238-0:10.00元 |
| ● |
| 相关链接 |
|
|
|
正题名:房屋业主指南
索取号:F293.33-62/W458
 
预约/预借
| 序号 | 登录号 | 条形码 | 馆藏地/架位号 | 状态 | 备注 |
| 1 | 331155 | 203311558 | 社科二线422/422社科库 47排1列1层/ [索取号:F293.33-62/W458] | 在馆 | |
| 2 | 331156 | 203311567 | 社科二线422/422社科库 47排1列1层/ [索取号:F293.33-62/W458] | 在馆 | |
| 3 | 331157 | 203311576 | 社科二线422/422社科库 47排1列1层/ [索取号:F293.33-62/W458] | 在馆 | |
| 4 | 331158 | 203311585 | 社科二线422/422社科库 47排1列1层/ [索取号:F293.33-62/W458] | 在馆 |